[Event "Offene Bochumer StEM 2013"]
[Site "?"]
[Date "2013.04.25"]
[Round "1.1"]
[White "Quast, Marcel"]
[Black "Jedner, Volker"]
[Result "1-0"]
[WhiteElo "2122"]
[BlackElo "1809"]
[PlyCount "113"]
[EventDate "2013.??.??"]
[WhiteTeam "SC Gerthe-Werne"]
[BlackTeam "SG Höntrop"]

1. e4 d6 2. d4 Nf6 3. Nc3 g6 4. Nf3 Bg7 5. Be2 O-O 6. O-O Bg4 7. h3 Bxf3 8.
Bxf3 Nc6 9. Be3 e5 10. d5 Ne7 11. Be2 Nd7 12. f3 f5 13. Qd2 Nf6 14. a4 Nh5 15.
a5 Ng3 16. Rfc1 Nxe2+ 17. Qxe2 a6 18. Na4 Kh8 19. c4 fxe4 20. fxe4 Ng8 21. c5
Bh6 22. Bxh6 Nxh6 23. Qe3 Qh4 24. Rf1 Nf7 25. Qe1 Qxe1 26. Raxe1 dxc5 27. Nxc5
Nd6 28. Ne6 Rxf1+ 29. Kxf1 c6 30. Rd1 cxd5 31. exd5 Rc8 32. Ke2 Kg8 33. Kd3 Kf7
34. Ng5+ Ke7 35. Re1 e4+ 36. Nxe4 Nxe4 37. Rxe4+ Kd6 38. Rb4 Rc5 39. Rxb7 Rxd5+
40. Kc3 Rxa5 41. Rxh7 Rc5+ 42. Kd3 Ke5 43. Rh4 Rb5 44. Kc3 Rc5+ 45. Kb3 Rb5+
46. Ka3 Rb6 47. b4 Rd6 48. Rg4 Kf5 49. Ka4 Rd5 50. Rc4 Rd2 51. g4+ Kg5 52. Rc3
Rd6 53. Rc8 Kh4 54. Rh8+ Kg5 55. Ka5 Re6 56. Ra8 Kh4 57. Rxa6 1-0

[Event "Offene Bochumer StEM 2013"]
[Site "?"]
[Date "2013.04.25"]
[Round "1.2"]
[White "Skara, Milenko"]
[Black "Bartel, Mario"]
[Result "0-1"]
[WhiteElo "1760"]
[BlackElo "2035"]
[PlyCount "52"]
[EventDate "2013.??.??"]
[WhiteTeam "SG Höntrop"]
[BlackTeam "SV Wattenscheid"]

1. e4 e5 2. Nf3 Nc6 3. Bb5 a6 4. Ba4 Nf6 5. d4 exd4 6. O-O Be7 7. e5 Ne4 8. Re1
Nc5 9. Bxc6 dxc6 10. Nxd4 O-O 11. Nc3 f6 12. exf6 Bxf6 13. Be3 Ne6 14. Nce2 Ng5
15. c3 c5 16. Nc2 Bf5 17. Na3 b6 18. Nf4 Nf7 19. Qxd8 Raxd8 20. Rad1 Rfe8 21.
Nc4 Ne5 22. Nxe5 Bxe5 23. h3 Kf7 24. Bc1 Bf6 25. Nh5 Bc2 26. Nxf6 Kxf6 0-1

[Event "Offene Bochumer StEM 2013"]
[Site "?"]
[Date "2013.04.25"]
[Round "1.3"]
[White "Werner, Michael"]
[Black "Domnik, Roland"]
[Result "1-0"]
[WhiteElo "2035"]
[BlackElo "1715"]
[PlyCount "65"]
[EventDate "2013.??.??"]
[WhiteTeam "Düsseldorfer SK"]
[BlackTeam "TuS Witten-Stockum"]

1. d4 e6 2. c4 Nf6 3. Nf3 d5 4. Nc3 c5 5. cxd5 Nxd5 6. e4 Nxc3 7. bxc3 Be7 8.
Be2 O-O 9. O-O cxd4 10. cxd4 Nd7 11. Bf4 Nf6 12. Bd3 Nh5 13. Be3 b6 14. Ne5 Nf6
15. Nc6 Qe8 16. Nxe7+ Qxe7 17. Bg5 h6 18. Bh4 g5 19. Bg3 Bb7 20. Qe2 Rfd8 21.
e5 Nh7 22. Rad1 f5 23. exf6 Nxf6 24. Be5 Rf8 25. f4 Nd7 26. fxg5 Nxe5 27. Qxe5
hxg5 28. Bc4 Rae8 29. Rxf8+ Qxf8 30. Bxe6+ Kh7 31. Rf1 Qg7 32. Rf6 Bc8 33. Qf5+
1-0

[Event "Offene Bochumer StEM 2013"]
[Site "?"]
[Date "2013.04.25"]
[Round "1.4"]
[White "Hofer, Stefan"]
[Black "Jellinghaus, Lars"]
[Result "0-1"]
[WhiteElo "1677"]
[BlackElo "2024"]
[PlyCount "56"]
[EventDate "2013.??.??"]
[WhiteTeam "SC Ruhr-Uni Bochum"]
[BlackTeam "SV Linden"]

1. e4 e6 2. d4 d5 3. e5 c5 4. c3 Nc6 5. Nf3 Qb6 6. Be2 cxd4 7. cxd4 Nh6 8. O-O
Nf5 9. Nc3 Nfxd4 10. Be3 Nxe2+ 11. Nxe2 Bc5 12. Bxc5 Qxc5 13. Qd3 Bd7 14. Rfc1
Qe7 15. Ned4 O-O 16. a3 Rac8 17. Nb5 f6 18. Re1 fxe5 19. Nxe5 Nxe5 20. Rxe5
Rxf2 21. Nd4 Rxb2 22. Rae1 Rc4 23. Rxd5 Qf6 24. Rf1 Qxf1+ 25. Qxf1 exd5 26. Qd1
Ba4 27. Qa1 Rd2 28. Nf5 Rd1+ 0-1

[Event "Offene Bochumer StEM 2013"]
[Site "?"]
[Date "2013.04.25"]
[Round "1.5"]
[White "Schriewer, Thomas"]
[Black "Plückelmann, Thomas"]
[Result "1-0"]
[WhiteElo "1988"]
[BlackElo "1677"]
[PlyCount "93"]
[EventDate "2013.??.??"]
[WhiteTeam "SK Herne-Sodingen"]
[BlackTeam "SG Duisburg-Nord"]

1. d4 d5 2. c4 e6 3. Nc3 Nf6 4. Nf3 c6 5. cxd5 exd5 6. Bg5 Bd6 7. Qc2 Be6 8. e3
Nbd7 9. Bd3 h6 10. Bh4 Qc7 11. Rc1 Rc8 12. Qd2 a6 13. Bg3 Qb8 14. b4 O-O 15.
O-O Bxg3 16. hxg3 Rfe8 17. Rfe1 Bg4 18. Nh2 Nb6 19. Nxg4 Nxg4 20. Bf5 Nf6 21.
Bxc8 Qxc8 22. Qc2 Qg4 23. Qd1 Qf5 24. Qf3 Qg6 25. Ne2 Qd3 26. Qf4 Rc8 27. Qd6
Qd2 28. Qe7 Nbd7 29. Nc3 Qb2 30. Nxd5 Rb8 31. Nxf6+ Nxf6 32. Qc7 Rf8 33. Qxb7
Ng4 34. Rf1 Qxa2 35. Qxc6 Qe2 36. Qf3 Qxf3 37. gxf3 Nf6 38. Rc6 Rb8 39. Rxa6
Rxb4 40. Ra8+ Kh7 41. Rd8 Rb5 42. e4 Rb3 43. e5 Ng8 44. Kg2 Rd3 45. Rc1 Ne7 46.
Rc7 Ng6 47. f4 1-0

[Event "Offene Bochumer StEM 2013"]
[Site "?"]
[Date "2013.04.25"]
[Round "1.6"]
[White "Schumann, Burkhard"]
[Black "Winterkamp, Sascha"]
[Result "0-1"]
[WhiteElo "1677"]
[BlackElo "1942"]
[PlyCount "62"]
[EventDate "2013.??.??"]
[WhiteTeam "SC Gerthe-Werne"]
[BlackTeam "SG Höntrop"]

1. e4 c5 2. Nf3 d6 3. d4 cxd4 4. Nxd4 Nf6 5. f3 a6 6. c4 e5 7. Nb3 Be7 8. Be3
O-O 9. Nc3 Nbd7 10. Be2 Re8 11. O-O Nf8 12. Nd5 Nxd5 13. cxd5 Ng6 14. Qd2 a5
15. Bb5 Rf8 16. Qf2 Bh4 17. Qd2 a4 18. Nc1 f5 19. Ne2 f4 20. Bf2 Qg5 21. Kh1
Qh5 22. Ng1 Bg3 23. h3 Nh4 24. Be1 Rf6 25. Bxg3 fxg3 26. Rad1 Ng6 27. Be8 Bxh3
28. Nxh3 Rxe8 29. Qg5 Qxg5 30. Nxg5 Nf4 31. Kg1 Rc8 0-1

[Event "Offene Bochumer StEM 2013"]
[Site "?"]
[Date "2013.04.25"]
[Round "1.7"]
[White "Schmidt, Ralph"]
[Black "Tuscher, Albin"]
[Result "1-0"]
[WhiteElo "1918"]
[BlackElo "1634"]
[PlyCount "39"]
[EventDate "2013.??.??"]
[WhiteTeam "SV Linden"]
[BlackTeam "SC Gerthe-Werne"]

1. e4 c5 2. Nc3 Nc6 3. d3 Nf6 4. f4 d6 5. Nf3 Bg4 6. Be2 e6 7. O-O Be7 8. Qe1
O-O 9. h3 Bxf3 10. Bxf3 Nd4 11. Bd1 a6 12. Qg3 Ne8 13. f5 exf5 14. exf5 Bf6 15.
Nd5 Be5 16. Qf2 f6 17. c3 Nc6 18. Bf3 Rb8 19. Ne3 Bf4 20. Bd5+ 1-0

[Event "Offene Bochumer StEM 2013"]
[Site "?"]
[Date "2013.04.25"]
[Round "1.8"]
[White "Sikorski, Thomas"]
[Black "Berens, Thomas"]
[Result "0-1"]
[WhiteElo "1629"]
[BlackElo "1901"]
[PlyCount "108"]
[EventDate "2013.??.??"]
[WhiteTeam "SK Herne-Sodingen"]
[BlackTeam "SC Gerthe-Werne"]

1. c4 f5 2. Nf3 Nf6 3. Nc3 e6 4. d4 d5 5. e3 c6 6. Bd3 Bd6 7. c5 Bc7 8. b4 a6
9. a4 O-O 10. O-O Ne4 11. Bxe4 fxe4 12. Ne5 Nd7 13. Nxd7 Bxd7 14. f3 exf3 15.
Rxf3 e5 16. Rxf8+ Qxf8 17. Qf3 Qe7 18. Bd2 e4 19. Qe2 Qh4 20. g3 Qg5 21. Rf1
Bh3 22. Rf2 h5 23. Kh1 Bg4 24. Qf1 Bf3+ 25. Kg1 Rf8 26. Qh3 Rf5 27. Ne2 Bg4 28.
Rxf5 Qxf5 29. Qf1 Bf3 30. Nf4 h4 31. Qh3 Qxh3 32. Nxh3 hxg3 33. hxg3 Bxg3 34.
Nf2 Kf7 35. Kf1 g5 36. Be1 Bc7 37. a5 Kf6 38. Nh3 Kf5 39. Ng1 Kg4 40. Bf2 Bg3
41. Ke1 Bh2 42. Kf1 Kf5 43. Nh3 g4 44. Bg1 Bg3 45. Bf2 Bc7 46. Ng1 g3 47. Be1
Kg4 48. Ne2 g2+ 49. Kf2 Bxe2 50. Kxg2 Bf3+ 51. Kg1 Bg3 52. Bf2 Bxf2+ 53. Kxf2
Bh1 54. Ke2 Kg3 0-1

[Event "Offene Bochumer StEM 2013"]
[Site "?"]
[Date "2013.04.25"]
[Round "1.9"]
[White "Funke, Eckhard"]
[Black "Stein, Daniel"]
[Result "1-0"]
[WhiteElo "1890"]
[BlackElo "1600"]
[PlyCount "99"]
[EventDate "2013.??.??"]
[WhiteTeam "SG Höntrop"]
[BlackTeam "SC Ruhr-Uni Bochum"]

1. d4 e6 2. c4 Nf6 3. Bg5 h6 4. Bh4 c5 5. Nf3 Qb6 6. Qb3 Qxb3 7. axb3 Ne4 8.
Nc3 Nxc3 9. bxc3 f5 10. e3 b6 11. Be2 Bb7 12. O-O g5 13. Bg3 d6 14. dxc5 bxc5
15. Rfd1 e5 16. h3 Nd7 17. Ne1 f4 18. exf4 exf4 19. Bh5+ Ke7 20. Bh2 Ne5 21.
Nd3 Bg7 22. f3 a5 23. Nb2 Rhd8 24. Kf1 Ra6 25. Bg1 Bc8 26. Ke2 Be6 27. Bf2 Bf7
28. Bxf7 Kxf7 29. Kd2 Re8 30. Nd3 Ra7 31. Nxe5+ Bxe5 32. Kd3 Rd8 33. Ra2 Ke6
34. Rda1 Rda8 35. Ra4 Ra6 36. R1a2 R8a7 37. b4 Bxc3 38. bxc5 Bb4 39. cxd6 Rd7
40. c5 Rc6 41. Kc4 Ke5 42. Re2+ Kf5 43. Kd5 Ra6 44. Re5+ Kg6 45. Re6+ Kg7 46.
Bd4+ Kh7 47. c6 Rf7 48. Be5 Rf5 49. d7 Rxe5+ 50. Kxe5 1-0

[Event "Offene Bochumer StEM 2013"]
[Site "?"]
[Date "2013.04.25"]
[Round "1.10"]
[White "Kempken, Reinhold"]
[Black "Parado, Dominador"]
[Result "1/2-1/2"]
[WhiteElo "1550"]
[BlackElo "1880"]
[PlyCount "66"]
[EventDate "2013.??.??"]
[WhiteTeam "vereinslos"]
[BlackTeam "vereinslos"]

1. e4 c5 2. b4 cxb4 3. Bb2 Nc6 4. d4 d5 5. e5 Bf5 6. Bd3 Bxd3 7. Qxd3 e6 8. f4
Nh6 9. Nf3 Be7 10. O-O a6 11. Nbd2 O-O 12. Rae1 Rc8 13. h3 Nf5 14. Kh2 h5 15.
g4 hxg4 16. hxg4 Nh4 17. Nxh4 Bxh4 18. Re3 f5 19. g5 Kf7 20. Rh3 Bxg5 21. fxg5
Qxg5 22. Rff3 Rh8 23. Nb3 Rcg8 24. Bc1 Qg4 25. Rfg3 Rxh3+ 26. Rxh3 g5 27. Nc5
Nxd4 28. Nxb7 Ne2 29. Nd6+ Kg6 30. Be3 Rh8 31. Rxh8 Qg3+ 32. Kh1 Qf3+ 33. Kh2
Qg3+ 1/2-1/2

[Event "Offene Bochumer StEM 2013"]
[Site "?"]
[Date "2013.04.25"]
[Round "1.11"]
[White "Klinke, Werner"]
[Black "Schüler, Bernd"]
[Result "1-0"]
[WhiteElo "1859"]
[BlackElo "1462"]
[PlyCount "65"]
[EventDate "2013.??.??"]
[WhiteTeam "SV Eichlinghofen"]
[BlackTeam "SC Gerthe-Werne"]

1. Nf3 f5 2. b3 e6 3. Bb2 Nf6 4. c4 Be7 5. Nc3 O-O 6. e3 c6 7. d4 d5 8. Be2 h6
9. Qc2 Ne4 10. O-O Nd7 11. a3 Ndf6 12. Ne5 Bd6 13. f3 Nxc3 14. Bxc3 Bxe5 15.
dxe5 Nd7 16. f4 Re8 17. b4 Nf8 18. Rfc1 Bd7 19. Bd4 b6 20. a4 a5 21. c5 axb4
22. cxb6 Qb8 23. a5 c5 24. Qxc5 Rc8 25. Qxb4 Rxc1+ 26. Rxc1 Bc8 27. Rc7 Bd7 28.
a6 Qd8 29. Qd6 Rc8 30. a7 Rxc7 31. Qxc7 Qh4 32. g3 Qe7 33. a8=Q 1-0

[Event "Offene Bochumer StEM 2013"]
[Site "?"]
[Date "2013.04.25"]
[Round "1.12"]
[White "Kümmel, Hans-Jürgen"]
[Black "Sondermann, Dirk"]
[Result "0-1"]
[WhiteElo "1343"]
[BlackElo "1829"]
[PlyCount "94"]
[EventDate "2013.??.??"]
[WhiteTeam "SG Höntrop"]
[BlackTeam "SU Annen"]

1. d4 f5 2. Nf3 Nf6 3. g3 g6 4. c4 Bg7 5. Bg2 O-O 6. Nc3 d6 7. O-O Qe8 8. e3 c6
9. Re1 e5 10. dxe5 dxe5 11. Re2 e4 12. Ne1 Be6 13. b3 Nbd7 14. Ba3 Rf7 15. Rd2
Ng4 16. Rc1 Bh6 17. Ne2 Nxe3 18. fxe3 Bxe3+ 19. Kh1 Ne5 20. Rcc2 Bxd2 21. Rxd2
Rd7 22. Rxd7 Qxd7 23. Qxd7 Bxd7 24. Kg1 Re8 25. Kf1 Bc8 26. Bc1 Rd8 27. h3 Rd1
28. Kf2 Nd3+ 29. Nxd3 exd3 30. Bf4 dxe2 31. Kxe2 Ra1 32. Kd3 Rxa2 33. Bd2 Kf7
34. Bf3 Be6 35. Kc3 a5 36. Bd1 Rxd2 37. Kxd2 Kf6 38. Ke3 Ke5 39. h4 h6 40. Bc2
g5 41. hxg5 hxg5 42. Bd1 f4+ 43. gxf4+ gxf4+ 44. Kf3 Bf5 45. Kf2 Be4 46. Ke1
Kd4 47. Kd2 f3 0-1

[Event "Offene Bochumer StEM 2013"]
[Site "?"]
[Date "2013.04.25"]
[Round "1.13"]
[White "Boost, Jürgen"]
[Black "Ebert, Ingo"]
[Result "1-0"]
[WhiteElo "1824"]
[BlackElo "1163"]
[PlyCount "87"]
[EventDate "2013.??.??"]
[WhiteTeam "SC Gerthe-Werne"]
[BlackTeam "SG Bochum 31"]

1. e4 e5 2. Nf3 Nc6 3. Bb5 d6 4. d4 exd4 5. Nxd4 Bd7 6. Nc3 Nf6 7. Bg5 Be7 8.
Qd2 h6 9. Bf4 a6 10. Bxc6 bxc6 11. O-O-O c5 12. Nde2 O-O 13. f3 Bc6 14. e5 dxe5
15. Bxe5 Nd7 16. Bf4 Rb8 17. Nd5 Bxd5 18. Qxd5 Nf6 19. Qc6 Qc8 20. Qxc7 Qxc7
21. Bxc7 Rb7 22. Bd6 Bxd6 23. Rxd6 Ra8 24. Rhd1 c4 25. Rd8+ Rxd8 26. Rxd8+ Kh7
27. Rc8 Re7 28. Kd2 Rd7+ 29. Ke1 Nd5 30. Kf2 Nb4 31. Rxc4 Nxa2 32. Ra4 Nc1 33.
Nxc1 Rd2+ 34. Ne2 Rxc2 35. Rb4 a5 36. Rb7 f6 37. Ke3 a4 38. Rb4 a3 39. bxa3 Rc5
40. a4 Re5+ 41. Re4 Rd5 42. Nc3 Rd6 43. a5 Ra6 44. Ra4 1-0

[Event "Offene Bochumer StEM 2013"]
[Site "?"]
[Date "2013.05.02"]
[Round "2.1"]
[White "Schmidt, Ralph"]
[Black "Quast, Marcel"]
[Result "0-1"]
[WhiteElo "1918"]
[BlackElo "2122"]
[PlyCount "64"]
[EventDate "2013.??.??"]
[WhiteTeam "SV Linden"]
[BlackTeam "SC Gerthe-Werne"]

1. e4 Nf6 2. Nc3 d5 3. exd5 Nxd5 4. Bc4 c6 5. Qf3 Nf6 6. d3 Nbd7 7. Bf4 Nb6 8.
Bb3 a5 9. a3 a4 10. Ba2 Nbd5 11. Be5 Bg4 12. Qg3 Qd7 13. Nge2 Nh5 14. Qh4 g5
15. Qxg5 f6 16. Qh4 fxe5 17. f3 Ne3 18. Kf2 Bh6 19. fxg4 Rf8+ 20. Kg1 Qxg4 21.
Qxg4 Nxg4 22. Nd1 Ne3 23. h3 Nxc2 24. Rb1 Rd8 25. g4 Nf4 26. Rh2 Ne1 27. Nxf4
Rxf4 28. Re2 Nxd3 29. Ne3 Re4 30. Nf5 Rxe2 31. Nxh6 Nf4 32. Bf7+ Kf8 0-1

[Event "Offene Bochumer StEM 2013"]
[Site "?"]
[Date "2013.05.02"]
[Round "2.2"]
[White "Bartel, Mario"]
[Black "Funke, Eckhard"]
[Result "1-0"]
[WhiteElo "2035"]
[BlackElo "1890"]
[PlyCount "59"]
[EventDate "2013.??.??"]
[WhiteTeam "SV Wattenscheid"]
[BlackTeam "SG Höntrop"]

1. e4 c5 2. Nf3 d6 3. d4 cxd4 4. Nxd4 Nf6 5. Nc3 a6 6. Bg5 e5 7. Nb3 Be6 8. Qd2
Be7 9. O-O-O Nbd7 10. Kb1 O-O 11. f3 b5 12. h4 b4 13. Nd5 Bxd5 14. exd5 a5 15.
Bb5 Nb8 16. g4 a4 17. Nc1 Qa5 18. Qe2 Rc8 19. f4 b3 20. c4 bxa2+ 21. Nxa2 Qc7
22. Rhe1 h6 23. Bxf6 gxf6 24. g5 fxg5 25. hxg5 hxg5 26. Qg4 Na6 27. fxe5 dxe5
28. d6 Bxd6 29. Qxg5+ Kf8 30. Rh1 1-0

[Event "Offene Bochumer StEM 2013"]
[Site "?"]
[Date "2013.05.02"]
[Round "2.3"]
[White "Berens, Thomas"]
[Black "Werner, Michael"]
[Result "1/2-1/2"]
[WhiteElo "1901"]
[BlackElo "2035"]
[PlyCount "73"]
[EventDate "2013.??.??"]
[WhiteTeam "SC Gerthe-Werne"]
[BlackTeam "Düsseldorfer SK"]

1. d4 Nf6 2. c4 g6 3. Nc3 Bg7 4. e4 d6 5. f3 O-O 6. Be3 Nc6 7. Nge2 a6 8. Qd2
Rb8 9. Nc1 e5 10. Nb3 exd4 11. Nxd4 Nxd4 12. Bxd4 c6 13. Ba7 Ra8 14. Be3 Be6
15. Rd1 Qa5 16. Be2 b5 17. b3 bxc4 18. Bxc4 Bxc4 19. bxc4 Ng4 20. Ne2 Qxd2+ 21.
Bxd2 Ne5 22. Bf4 Nxc4 23. Bxd6 Rfd8 24. Bf4 Rxd1+ 25. Kxd1 Ra7 26. Kc2 Rb7 27.
Bc1 Bf8 28. Rd1 Na3+ 29. Bxa3 Bxa3 30. Rb1 Rxb1 31. Kxb1 Bc5 32. Kc2 Kf8 33.
Kb3 Ke7 34. Kc4 Bb6 35. Nf4 Kd6 36. Nd3 f6 37. g4 1/2-1/2

[Event "Offene Bochumer StEM 2013"]
[Site "?"]
[Date "2013.05.02"]
[Round "2.4"]
[White "Jellinghaus, Lars"]
[Black "Klinke, Werner"]
[Result "1-0"]
[WhiteElo "2024"]
[BlackElo "1859"]
[PlyCount "79"]
[EventDate "2013.??.??"]
[WhiteTeam "SV Linden"]
[BlackTeam "SV Eichlinghofen"]

1. d4 f5 2. Nf3 Nf6 3. g3 e6 4. Bg2 Be7 5. O-O O-O 6. c4 d5 7. b3 Nbd7 8. Ba3
Bxa3 9. Nxa3 b6 10. cxd5 exd5 11. Qc2 Ne4 12. Qc6 Ba6 13. Qxd5+ Kh8 14. Nc4 Rc8
15. Nfe5 Bxc4 16. bxc4 Nxe5 17. Qxe5 Re8 18. Qxf5 Qxd4 19. Rfd1 Qe5 20. Qxe5
Rxe5 21. e3 Nd6 22. Rd4 Rc5 23. Bf1 Re8 24. Bd3 g6 25. e4 a6 26. f4 b5 27. cxb5
axb5 28. e5 Nc8 29. Rb1 c6 30. Kf2 Ne7 31. Be4 Ra8 32. Rb2 Kg7 33. Rd3 Rc4 34.
Kf3 Raa4 35. Re2 Ra7 36. h4 Rca4 37. Rdd2 c5 38. g4 c4 39. f5 Ra3+ 40. Kf4 {
Zeitüberschreitung} 1-0

[Event "Offene Bochumer StEM 2013"]
[Site "?"]
[Date "2013.05.02"]
[Round "2.5"]
[White "Sondermann, Dirk"]
[Black "Schriewer, Thomas"]
[Result "0-1"]
[WhiteElo "1829"]
[BlackElo "1988"]
[PlyCount "78"]
[EventDate "2013.??.??"]
[WhiteTeam "SU Annen"]
[BlackTeam "SK Herne-Sodingen"]

1. d4 d5 2. c4 c6 3. Nc3 Nf6 4. Nf3 e6 5. e3 Nbd7 6. Qc2 Bd6 7. Bd3 h6 8. O-O
O-O 9. Rd1 Qe7 10. Bd2 b6 11. e4 dxe4 12. Nxe4 Nxe4 13. Bxe4 Bb7 14. Bc3 Nf6
15. Re1 Nxe4 16. Qxe4 Rfe8 17. Qg4 Bb4 18. Re3 Bxc3 19. bxc3 Rf8 20. h4 Qf6 21.
Ne5 Qf5 22. Qe2 c5 23. g4 Qf4 24. Nd3 Qc7 25. d5 exd5 26. Re7 Qc8 27. g5 dxc4
28. Ne5 Re8 29. Nxf7 Rxe7 30. Qxe7 Qg4+ 31. Kf1 Qh3+ 32. Ke1 Qxc3+ 33. Ke2 Qd3+
34. Ke1 Qe4+ 35. Qxe4 Bxe4 36. Nd6 Bd3 37. gxh6 gxh6 38. Kd2 Rd8 39. Rg1+ Kf8
0-1

[Event "Offene Bochumer StEM 2013"]
[Site "?"]
[Date "2013.05.02"]
[Round "2.6"]
[White "Winterkamp, Sascha"]
[Black "Boost, Jürgen"]
[Result "1/2-1/2"]
[WhiteElo "1942"]
[BlackElo "1824"]
[PlyCount "50"]
[EventDate "2013.??.??"]
[WhiteTeam "SG Höntrop"]
[BlackTeam "SC Gerthe-Werne"]

1. d4 d5 2. Nf3 e6 3. c3 c5 4. e3 Nf6 5. Nbd2 Nc6 6. Bd3 Bd6 7. O-O O-O 8. Qe2
Qc7 9. e4 cxd4 10. cxd4 dxe4 11. Nxe4 Nxe4 12. Bxe4 f5 13. Bc2 Bxh2+ 14. Kh1
Bf4 15. g3 Bxc1 16. Raxc1 Qb6 17. d5 Nb4 18. Bb3 Nxd5 19. Qe5 Bd7 20. Nd4 Rae8
21. Rfe1 Kh8 22. Kg1 h6 23. Bxd5 exd5 24. Qxd5 Rxe1+ 25. Rxe1 Bc6 1/2-1/2

[Event "Offene Bochumer StEM 2013"]
[Site "?"]
[Date "2013.05.02"]
[Round "2.8"]
[White "Domnik, Roland"]
[Black "Kempken, Reinhold"]
[Result "1-0"]
[WhiteElo "1715"]
[BlackElo "1550"]
[PlyCount "95"]
[EventDate "2013.??.??"]
[WhiteTeam "TuS Witten-Stockum"]
[BlackTeam "vereinslos"]

1. d4 d5 2. c4 e5 3. dxe5 d4 4. Nf3 c5 5. g3 Nc6 6. Bg2 Qb6 7. O-O Bf5 8. a3
Rd8 9. Nbd2 Na5 10. Nh4 Be6 11. Be4 Ne7 12. Rb1 Ng6 13. Nxg6 hxg6 14. f4 Bh3
15. Rf2 Nc6 16. Qc2 d3 17. Bxd3 Nd4 18. Qc3 Be7 19. Nf3 Nf5 20. e4 Nh6 21. Rd2
O-O 22. Bf1 Bg4 23. h3 Be6 24. Rxd8 Rxd8 25. Be3 f5 26. exf5 Nxf5 27. Bf2 Qc6
28. Bg2 Qa4 29. g4 Nd4 30. Nxd4 cxd4 31. Bxd4 b5 32. b3 Qa6 33. c5 Qc8 34. b4
Bc4 35. Qe3 Qd7 36. Rd1 Bb3 37. Rd2 Bc4 38. Bc3 Qc8 39. Rxd8+ Qxd8 40. Bd4 Qc8
41. Be4 Qa6 42. Bc2 Bh4 43. Qf3 Qe6 44. Qa8+ Kf7 45. Qxa7+ Be7 46. Qb6 Qd7 47.
Qxg6+ Kf8 48. Qf5+ 1-0

[Event "Offene Bochumer StEM 2013"]
[Site "?"]
[Date "2013.05.02"]
[Round "2.9"]
[White "Stein, Daniel"]
[Black "Skara, Milenko"]
[Result "1-0"]
[WhiteElo "1600"]
[BlackElo "1760"]
[PlyCount "67"]
[EventDate "2013.??.??"]
[WhiteTeam "SC Ruhr-Uni Bochum"]
[BlackTeam "SG Höntrop"]

1. d4 Nf6 2. Bg5 Ne4 3. Bf4 d5 4. f3 Nd6 5. e4 dxe4 6. Nc3 exf3 7. Nxf3 Bg4 8.
h3 Bxf3 9. Qxf3 c6 10. O-O-O e6 11. d5 cxd5 12. Nxd5 Nc6 13. Bc4 Qd7 14. Ne3
Be7 15. Qg3 O-O-O 16. Rd3 g5 17. Be5 Nxe5 18. Qxe5 Nxc4 19. Nxc4 Qc7 20. Rc3
Kb8 21. Qxc7+ Kxc7 22. Ne5+ Kb8 23. Nxf7 Bf6 24. Rf3 Bd4 25. Nxd8 Rxd8 26. Rd3
Kc7 27. Rhd1 Bf6 28. Rxd8 Bxd8 29. Rd3 Be7 30. Kd2 Bd6 31. Ke3 Kd7 32. c4 Ke7
33. Ke4 a6 34. Rb3 1-0

[Event "Offene Bochumer StEM 2013"]
[Site "?"]
[Date "2013.05.02"]
[Round "2.10"]
[White "Schüler, Bernd"]
[Black "Hofer, Stefan"]
[Result "0-1"]
[WhiteElo "1462"]
[BlackElo "1677"]
[PlyCount "82"]
[EventDate "2013.??.??"]
[WhiteTeam "SC Gerthe-Werne"]
[BlackTeam "SC Ruhr-Uni Bochum"]

1. c4 Nf6 2. d4 e6 3. e3 b6 4. f3 Bb4+ 5. Bd2 Qe7 6. Bxb4 Qxb4+ 7. Qd2 Qe7 8.
Nc3 d6 9. Bd3 O-O 10. Nge2 Nbd7 11. O-O e5 12. d5 a5 13. e4 Nc5 14. Bb1 Ba6 15.
b3 Rac8 16. Nc1 c6 17. dxc6 Rxc6 18. Nd3 Rd8 19. Rd1 Rcc8 20. Ne1 Ne6 21. Nd5
Nxd5 22. exd5 Nf4 23. Nd3 Ng6 24. Ne1 Qc7 25. Bxg6 hxg6 26. Rac1 Qc5+ 27. Qf2
Qxf2+ 28. Kxf2 b5 29. cxb5 Bxb5 30. a4 Bd7 31. Ke3 f5 32. g3 Kf7 33. Rb1 Kf6
34. Kf2 g5 35. Rd2 Rb8 36. Rbb2 Rb7 37. Nd3 Rdb8 38. Ke2 Rxb3 39. Rbc2 Bxa4 40.
Ra2 Bb5 41. Rxa5 e4 0-1

[Event "Offene Bochumer StEM 2013"]
[Site "?"]
[Date "2013.05.02"]
[Round "2.11"]
[White "Plückelmann, Thomas"]
[Black "Sikorski, Thomas"]
[Result "0-1"]
[WhiteElo "1677"]
[BlackElo "1629"]
[PlyCount "134"]
[EventDate "2013.??.??"]
[WhiteTeam "SG Duisburg-Nord"]
[BlackTeam "SK Herne-Sodingen"]

1. d4 c6 2. e4 d6 3. c4 e5 4. dxe5 Qa5+ 5. Nc3 dxe5 6. Bd2 Nd7 7. Nf3 Ngf6 8.
Bd3 Nc5 9. Bc2 Qc7 10. O-O Bg4 11. h3 Bh5 12. Qe2 Be7 13. Bg5 h6 14. Bh4 O-O
15. g4 Bg6 16. Qe3 Rad8 17. Rfd1 Ne6 18. Bg3 Bc5 19. Bxe5 Bxe3 20. Bxc7 Bxf2+
21. Kxf2 Nxc7 22. Nd4 Ne6 23. Nxe6 fxe6 24. Ke3 e5 25. Rxd8 Rxd8 26. Rd1 Rxd1
27. Bxd1 Kf7 28. Be2 Ke6 29. c5 Kd7 30. Bc4 b5 31. cxb6 axb6 32. a4 Kd6 33. b4
Be8 34. Bb3 Bd7 35. Bf7 c5 36. b5 Be6 37. Bxe6 Kxe6 38. Kd3 g5 39. Kc4 Kd6 40.
Kd3 Ke6 41. Ne2 h5 42. gxh5 Nxh5 43. Kc4 Nf4 44. Ng1 Kd6 45. Kc3 Ke6 46. Kc4
Kd6 47. Kb3 Ke6 48. Kc3 Kd6 49. Kc4 Ke6 50. a5 bxa5 51. Kxc5 Kd7 52. b6 a4 53.
Kb4 Kc6 54. Kxa4 Kxb6 55. Kb4 Kc6 56. Kc4 Kd6 57. Kb4 Nd3+ 58. Kc4 Nf2 59. Kb4
Nxe4 60. Nf3 Kd5 61. Kb3 Ke6 62. Kc4 Kf5 63. Kd5 Nf6+ 64. Kc4 Kf4 65. Ng1 Kg3
66. Kd3 Kg2 67. Ne2 Kxh3 {Restnotation nicht lesbar} 0-1

[Event "Offene Bochumer StEM 2013"]
[Site "?"]
[Date "2013.05.16"]
[Round "3.1"]
[White "Quast, Marcel"]
[Black "Jellinghaus, Lars"]
[Result "1/2-1/2"]
[WhiteElo "2122"]
[BlackElo "2024"]
[PlyCount "84"]
[EventDate "2013.??.??"]
[WhiteTeam "SC Gerthe-Werne"]
[BlackTeam "SV Linden"]

1. e4 e6 2. d4 d5 3. Nd2 c5 4. Ngf3 Nc6 5. exd5 exd5 6. Be2 cxd4 7. O-O Be7 8.
Nb3 Bf6 9. Nfxd4 Nge7 10. c3 O-O 11. Bf4 a6 12. Re1 Re8 13. Bf3 Nxd4 14. Nxd4
Ng6 15. Rxe8+ Qxe8 16. Bg3 Be6 17. Qb3 Qd7 18. Nxe6 fxe6 19. Re1 Nf8 20. c4
dxc4 21. Qb6 Qb5 22. Qxb7 Qxb7 23. Bxb7 Ra7 24. Bc8 Bxb2 25. Re2 c3 26. Rc2 Ra8
27. Bb7 Rd8 28. Bxa6 Rd1+ 29. Bf1 Nd7 30. f3 Nf6 31. Kf2 Nd5 32. Be2 Ra1 33.
Bd6 Rxa2 34. Bc4 Ra4 35. Bxd5 exd5 36. Be5 Rc4 37. Ke3 Kf7 38. Kd3 Ra4 39. Re2
g6 40. Bxc3 Bxc3 41. Kxc3 Kf6 42. Kd3 h5 1/2-1/2

[Event "Offene Bochumer StEM 2013"]
[Site "?"]
[Date "2013.05.16"]
[Round "3.2"]
[White "Schriewer, Thomas"]
[Black "Bartel, Mario"]
[Result "1-0"]
[WhiteElo "1988"]
[BlackElo "2035"]
[PlyCount "63"]
[EventDate "2013.??.??"]
[WhiteTeam "SK Herne-Sodingen"]
[BlackTeam "SV Wattenscheid"]

1. d4 Nf6 2. c4 g6 3. Nc3 Bg7 4. e4 O-O 5. Nf3 d6 6. Be2 e5 7. O-O c6 8. d5
cxd5 9. cxd5 Nbd7 10. Be3 Ng4 11. Bg5 f6 12. Bd2 f5 13. Ng5 Ndf6 14. Ne6 Bxe6
15. dxe6 h5 16. exf5 gxf5 17. h3 Nh6 18. Bxh5 Nxh5 19. Qxh5 Qe8 20. Qxe8 Raxe8
21. Nd5 Rxe6 22. Rac1 Rf7 23. Rc8+ Kh7 24. Rfc1 e4 25. R1c7 Re5 26. Ne3 Ree7
27. Rxe7 Rxe7 28. b3 Rd7 29. Nd5 Kg6 30. Be3 b6 31. Kf1 Ng8 32. Rxg8 1-0

[Event "Offene Bochumer StEM 2013"]
[Site "?"]
[Date "2013.05.16"]
[Round "3.3"]
[White "Werner, Michael"]
[Black "Winterkamp, Sascha"]
[Result "1/2-1/2"]
[WhiteElo "2035"]
[BlackElo "1942"]
[PlyCount "48"]
[EventDate "2013.??.??"]
[WhiteTeam "Düsseldorfer SK"]
[BlackTeam "SG Höntrop"]

1. d4 d5 2. c4 e5 3. dxe5 d4 4. Nf3 Nc6 5. a3 a5 6. g3 Nge7 7. Nbd2 a4 8. b3
Ng6 9. Bb2 Be7 10. Bg2 O-O 11. O-O Ngxe5 12. b4 Nxf3+ 13. Nxf3 Bf6 14. Qd3 Bg4
15. Rac1 Qd7 16. b5 Bxf3 17. Qxf3 Na5 18. e3 c5 19. bxc6 bxc6 20. exd4 Rab8 21.
Qc3 Nxc4 22. Qxc4 Rxb2 23. Qxa4 Bxd4 24. Rcd1 Rd8 1/2-1/2